The Professional Counselor research and practice.

Detalles Bibliográficos
Autor Corporativo: National Board for Certified Counselors (U.S.)
Formato: Electrónico Material de referencia
Lenguaje:inglés
Publicado: Greensboro, NC : [The National Board for Certified Counselors, Inc.], 2011-
Materias:
Acceso en línea:Full text available from Research Library: 01/01/2011 to present

MARC

LEADER 00000nai a2200000 i 4500
001 ssj0001811090
003 WaSeSS
005 20200512172242.0
006 m d
007 cr n
008 111026c20119999ncu x s | a2eng
010 |a  2011200833 
022 |a 2164-3989 
035 |a (WaSeSS)ssj0001811090 
037 |b National Board for Certified Counselors, 3 Terrace Way, Greensboro, NC 27403  |c Free 
040 |a DLC  |b eng  |c DLC  |d DLC  |d OCLCQ  |d CUS  |d OCLCF  |d OCLCO  |d OCLCQ  |d WaSeSS 
042 |a pcc  |a nsdp 
050 1 4 |a LB1027.5 
082 1 0 |a 158  |2 14 
222 4 |a The Professional Counselor  |b (Greensboro, N.C.) 
245 0 4 |a The Professional Counselor  |h [electronic resource] :  |b research and practice. 
260 |a Greensboro, NC :  |b [The National Board for Certified Counselors, Inc.],  |c 2011- 
310 |a Irregular 
362 1 |a Began with: V. 1, issue 1 (2011). 
506 |a License restrictions may limit access. 
588 |a Description based on: V. 1, issue 2 (July 8, 2011); title from banner (TPC Journal website, viewed October 26, 2011). 
650 0 |a Counseling  |v Periodicals. 
650 7 |a Counseling.  |2 fast  |0 (OCoLC)fst00881212 
655 0 |a Electronic journals. 
710 2 |a National Board for Certified Counselors (U.S.) 
856 4 0 |z Full text available from Research Library: 01/01/2011 to present  |u https://search.proquest.com/publication/2029674